[Event "Bay Area op"]
[Site "Burlingame USA"]
[Date "2019.01.04"]
[Round "5.13"]
[White "Negi, Parimarjan"]
[Black "Thavandiran, Shiyam"]
[Result "1-0"]
[WhiteElo "2656"]
[BlackElo "2410"]
[PlyCount "71"]
[EventDate "2019.01.01"]
[EventType "swiss"]
[EventRounds "9"]
[EventCountry "USA"]
[Source "ChessMix"]
[SourceDate "2019.01.10"]

1. e4 c6 2. d4 d5 3. e5 Bf5 4. Nf3 e6 5. Be2 Ne7 6. O-O h6 7. Nbd2 Nd7 8. Nb3
Qc7 9. Bd2 a5 10. a4 g5 11. Ne1 c5 12. Nxc5 Nxc5 13. dxc5 Bg7 14. f4 gxf4 15.
Nd3 Bxd3 16. Bxd3 Bxe5 17. Qh5 Nc6 18. Rae1 O-O-O 19. c3 Rdg8 20. Qf3 Qe7 21.
Kh1 Qxc5 22. b4 axb4 23. cxb4 Qd6 24. Bb5 Rg5 25. Rc1 Kb8 26. Bxc6 bxc6 27. Qd3
Rhg8 28. Qa6 Rxg2 29. Qb6+ Ka8 30. Rc5 Rg1+ 31. Rxg1 Rxg1+ 32. Kxg1 Bd4+ 33.
Kf1 Bxc5 34. bxc5 Qd7 35. Bxf4 e5 36. Qa6+ 1-0

[Event "Bay Area op"]
[Site "Burlingame USA"]
[Date "2019.01.05"]
[Round "6.25"]
[White "Thavandiran, Shiyam"]
[Black "Ke, Ivan"]
[Result "0-1"]
[WhiteElo "2410"]
[BlackElo "2251"]
[PlyCount "84"]
[EventDate "2019.01.01"]
[EventType "swiss"]
[EventRounds "9"]
[EventCountry "USA"]
[Source "ChessMix"]
[SourceDate "2019.01.10"]

1. e4 e5 2. Nf3 Nc6 3. Nc3 Nf6 4. Bb5 Bb4 5. O-O O-O 6. d3 d6 7. Bg5 Bxc3 8.
bxc3 Qe7 9. Re1 Nd8 10. d4 Ne6 11. Bc1 Rd8 12. Nh4 g6 13. g3 d5 14. exd5 Nxd5
15. Rxe5 Nxc3 16. Qe1 Nxb5 17. Rxb5 Qd7 18. Re5 Qxd4 19. Bh6 b6 20. Nf3 Qc4 21.
Re4 Qd5 22. Ne5 f5 23. Re3 Bb7 24. f3 Nd4 25. c4 Qxe5 26. Rxe5 Nxf3+ 27. Kf2
Nxe1 28. Raxe1 Rd7 29. Re7 Rad8 30. Bg5 Be4 31. Re5 Rb8 32. g4 Kf7 33. h4 Re8
34. Rxe8 Kxe8 35. gxf5 gxf5 36. Rc1 c5 37. Ke3 Kf7 38. Rc3 Kg6 39. Kf4 Rd3 40.
Rc1 h6 41. h5+ Kxh5 42. Bf6 Ra3 0-1

[Event "Bay Area op"]
[Site "Burlingame USA"]
[Date "2019.01.05"]
[Round "7.34"]
[White "Kretchetov, Alexandre"]
[Black "Thavandiran, Shiyam"]
[Result "0-1"]
[WhiteElo "2241"]
[BlackElo "2410"]
[PlyCount "62"]
[EventDate "2019.01.01"]
[EventType "swiss"]
[EventRounds "9"]
[EventCountry "USA"]
[Source "ChessMix"]
[SourceDate "2019.01.10"]

1. Nf3 Nf6 2. c4 e6 3. Nc3 d5 4. d4 Nbd7 5. cxd5 exd5 6. Bg5 c6 7. Qc2 Qa5 8.
Nd2 h6 9. Bf4 Qb6 10. Nf3 Be7 11. h3 Nf8 12. e3 Bf5 13. Bd3 Bxd3 14. Qxd3 Ne6
15. O-O O-O 16. Bh2 Ne8 17. Ne5 Qd8 18. Rab1 a5 19. Kh1 Nd6 20. Rg1 Qe8 21. f3
f5 22. Ne2 Bf6 23. Rbf1 Bxe5 24. dxe5 Nc4 25. b3 Nb6 26. g4 fxg4 27. Rxg4 Nd7
28. f4 Nxe5 29. Qc3 Nxg4 30. hxg4 Ng5 31. Nd4 Qe4+ 0-1

[Event "Bay Area op"]
[Site "Burlingame USA"]
[Date "2019.01.06"]
[Round "8.24"]
[White "Thavandiran, Shiyam"]
[Black "Peng, Shunkai"]
[Result "1-0"]
[WhiteElo "2410"]
[BlackElo "2285"]
[PlyCount "105"]
[EventDate "2019.01.01"]
[EventType "swiss"]
[EventRounds "9"]
[EventCountry "USA"]
[Source "Mark Crowther"]
[SourceDate "2019.01.14"]

1. e4 c5 2. Nf3 d6 3. d4 cxd4 4. Nxd4 Nf6 5. Nc3 a6 6. h4 b5 7. a4 e5 8. Nb3 b4
9. Nd5 Nxd5 10. Qxd5 Ra7 11. Bc4 Be6 12. Qd3 Rc7 13. Bxe6 fxe6 14. Bg5 Qc8 15.
O-O Nd7 16. Bd2 Rc4 17. c3 bxc3 18. Bxc3 Be7 19. Na5 Rc7 20. Bb4 Nc5 21. Bxc5
Rxc5 22. Nb3 Rc6 23. Na5 Rc5 24. b4 Rc3 25. Qd2 O-O 26. Rac1 Rxc1 27. Rxc1 Qd7
28. g3 Bd8 29. Nc4 Bc7 30. a5 Qf7 31. Nb6 Bb8 32. Rc2 Qb7 33. Qd3 Rd8 34. Qb3
Kf7 35. Qf3+ Kg8 36. Qb3 Kf7 37. Qc4 d5 38. exd5 exd5 39. Qg4 Qe7 40. Rc6 d4
41. Qf5+ Kg8 42. Rc8 Re8 43. Qc2 Bd6 44. Qc6 Rd8 45. Nd5 Qf8 46. Rxd8 Qxd8 47.
Qxa6 Kf8 48. Qc4 Bb8 49. a6 Ba7 50. b5 d3 51. Qxd3 Bd4 52. Qf5+ Kg8 53. Qc8 1-0

[Event "Bay Area op"]
[Site "Burlingame USA"]
[Date "2019.01.07"]
[Round "9.14"]
[White "Thavandiran, Shiyam"]
[Black "Ali Marandi, C."]
[Result "1/2-1/2"]
[WhiteElo "2410"]
[BlackElo "2530"]
[PlyCount "76"]
[EventDate "2019.01.01"]
[EventType "swiss"]
[EventRounds "9"]
[EventCountry "USA"]
[Source "Mark Crowther"]
[SourceDate "2019.01.14"]

1. e4 c5 2. Nf3 e6 3. g3 Nc6 4. Bg2 Nge7 5. O-O d6 6. c3 e5 7. d4 exd4 8. cxd4
Bg4 9. d5 Nd4 10. Be3 Nxf3+ 11. Bxf3 Bxf3 12. Qxf3 Ng6 13. Nd2 Be7 14. Qe2 O-O
15. f4 Bf6 16. a4 Re8 17. Rab1 b6 18. Bf2 a6 19. b4 cxb4 20. Rxb4 Bc3 21. Rc4
Ba5 22. Nb3 b5 23. axb5 axb5 24. Rc2 Bb6 25. Qd3 Ra4 26. Nd4 Bc5 27. Kg2 Ra3
28. Qxb5 Rxe4 29. Nc6 Qe8 30. Bxc5 dxc5 31. Qxc5 Re2+ 32. Rxe2 Qxe2+ 33. Qf2
Qe4+ 34. Kg1 Qxd5 35. Ne5 Ra2 36. Nxg6 hxg6 37. Qf3 Qd4+ 38. Rf2 Rxf2 1/2-1/2

[Event "US Chess Masters"]
[Site "Greensboro USA"]
[Date "2018.08.19"]
[Round "4.12"]
[White "Gareev, Timur"]
[Black "Thavandiran, Shiyam"]
[Result "1/2-1/2"]
[WhiteElo "2572"]
[BlackElo "2417"]
[PlyCount "89"]
[EventDate "2018.08.17"]
[EventType "swiss"]
[EventRounds "9"]
[EventCountry "USA"]
[Source "ChessMix"]
[SourceDate "2018.09.01"]

1. a3 Nf6 2. b4 b6 3. Bb2 Bb7 4. Nf3 g6 5. e3 Bg7 6. g4 h6 7. Rg1 d6 8. h4 e5
9. g5 hxg5 10. hxg5 Nfd7 11. c4 Nc6 12. Be2 a5 13. b5 Ne7 14. Nc3 e4 15. Nd4
Nc5 16. Qc2 Qd7 17. Na4 Rh4 18. f4 O-O-O 19. O-O-O Rdh8 20. Kb1 R8h7 21. Rdf1
Kb8 22. Qd1 Ka8 23. Rf2 Qc8 24. Rgf1 Nf5 25. Nxc5 dxc5 26. Nxf5 Qxf5 27. Bxg7
Rxg7 28. Qc1 Rg8 29. Qc3 Rd8 30. Kc2 Kb8 31. Qe5 Bc8 32. Qc3 Rd6 33. Rg1 Qd7
34. Rgg2 Qe7 35. Rh2 Rxh2 36. Rxh2 Rd8 37. Rh8 Bf5 38. Qg7 Kc8 39. Kc3 Rxh8 40.
Qxh8+ Kd7 41. Bd1 Qd6 42. Bc2 Ke7 43. Qg7 Qe6 44. Qg8 Qd6 45. Qa8 1/2-1/2

[Event "US Chess Masters"]
[Site "Greensboro USA"]
[Date "2018.08.19"]
[Round "5.12"]
[White "Thavandiran, Shiyam"]
[Black "Ortiz Suarez, Isan Reynaldo"]
[Result "0-1"]
[WhiteElo "2417"]
[BlackElo "2549"]
[PlyCount "112"]
[EventDate "2018.08.17"]
[EventType "swiss"]
[EventRounds "9"]
[EventCountry "USA"]
[Source "ChessMix"]
[SourceDate "2018.09.01"]

1. e4 c5 2. Nf3 d6 3. d4 cxd4 4. Nxd4 Nf6 5. Nc3 a6 6. a4 e6 7. a5 Be7 8. Bd3
O-O 9. O-O Bd7 10. Be3 Nc6 11. Nb3 Nb4 12. Bb6 Qe8 13. f4 Bc6 14. Qe2 e5 15.
fxe5 dxe5 16. Bc4 Rc8 17. Bd3 Bd7 18. Nd2 Bg4 19. Qf2 Be6 20. Nf3 Nd7 21. Be3
Nc5 22. Rfd1 f6 23. Ne1 Qg6 24. Qh4 Ncxd3 25. cxd3 Rfd8 26. Qf2 Bb3 27. Rd2 Qf7
28. d4 exd4 29. Rxd4 Rxd4 30. Bxd4 Qc4 31. h3 Bd6 32. Bb6 Rc6 33. Be3 Rc7 34.
Rc1 Qe6 35. Bf4 Bc5 36. Be3 Bf8 37. Qg3 Rd7 38. Qb8 Nc6 39. Qg3 Nxa5 40. Nf3
Nc6 41. Nd2 Qf7 42. Nxb3 Qxb3 43. Qf2 Nb4 44. Qf5 Rf7 45. Rb1 Rc7 46. Nd5 Nxd5
47. Qxd5+ Qxd5 48. exd5 Bd6 49. Kf2 Kf7 50. b4 Rc4 51. Bc5 Ke7 52. Re1+ Kd7 53.
Bxd6 Kxd6 54. Re6+ Kxd5 55. Re7 Rxb4 56. Rxg7 h5 0-1

[Event "US Chess Masters"]
[Site "Greensboro USA"]
[Date "2018.08.20"]
[Round "7.27"]
[White "Thavandiran, Shiyam"]
[Black "Balleisen, Aaron"]
[Result "1-0"]
[WhiteElo "2417"]
[BlackElo "2209"]
[PlyCount "80"]
[EventDate "2018.08.17"]
[EventType "swiss"]
[EventRounds "9"]
[EventCountry "USA"]
[Source "ChessMix"]
[SourceDate "2018.09.01"]

1. e4 c5 2. Nc3 Nc6 3. Bb5 Nd4 4. Bc4 e6 5. Nge2 Nf6 6. O-O a6 7. d3 b5 8. Bb3
Nxb3 9. axb3 Bb7 10. h3 Be7 11. f4 h5 12. Qe1 Qc7 13. Qf2 d6 14. Bd2 Nd7 15.
Nd1 Bf6 16. Ba5 Qc6 17. Bc3 Bd8 18. Ne3 Rg8 19. f5 e5 20. Be1 Bg5 21. Nd5 Nb6
22. c4 Nxd5 23. exd5 Qd7 24. Nc3 b4 25. Ne4 Bf6 26. Bd2 h4 27. d4 exd4 28.
Nxf6+ gxf6 29. Rae1+ Kd8 30. Qxh4 Kc7 31. Qxf6 Rae8 32. Bf4 a5 33. h4 Bc8 34.
h5 Qd8 35. Qxf7+ Kb6 36. Rxe8 Rxe8 37. Bg5 Qxg5 38. Qxe8 Bxf5 39. Qb8+ Ka6 40.
Qxd6+ Kb7 1-0

[Event "Americas Continental-ch"]
[Site "Montevideo URU"]
[Date "2018.06.03"]
[Round "3.14"]
[White "Di Berardino, Diego Rafael"]
[Black "Thavandiran, Shiyam"]
[Result "1/2-1/2"]
[WhiteElo "2525"]
[BlackElo "2417"]
[PlyCount "39"]
[EventDate "2018.06.01"]
[EventType "swiss"]
[EventRounds "11"]
[EventCountry "URU"]
[Source "ChessMix"]
[SourceDate "2018.06.20"]

1. d4 Nf6 2. c4 e6 3. Nc3 Bb4 4. e3 O-O 5. Bd3 c5 6. Nge2 cxd4 7. exd4 d5 8.
cxd5 Nxd5 9. O-O Nc6 10. Be4 Re8 11. Qb3 Bd6 12. Rd1 h6 13. Nxd5 exd5 14. Bf3
Qb6 15. Qxd5 Nb4 16. Qh5 Nc2 17. Rb1 Na3 18. Ra1 Nc2 19. Rb1 Na3 20. Ra1
1/2-1/2

[Event "Americas Continental-ch"]
[Site "Montevideo URU"]
[Date "2018.06.07"]
[Round "8.12"]
[White "Martinez Alcantara, Jose Eduardo"]
[Black "Thavandiran, Shiyam"]
[Result "1-0"]
[WhiteElo "2539"]
[BlackElo "2417"]
[PlyCount "123"]
[EventDate "2018.06.01"]
[EventType "swiss"]
[EventRounds "11"]
[EventCountry "URU"]
[Source "ChessMix"]
[SourceDate "2018.06.20"]

1. c4 c5 2. Nf3 Nf6 3. g3 e6 4. Bg2 a6 5. Nc3 Qc7 6. O-O d6 7. b3 Be7 8. Bb2 b6
9. d4 cxd4 10. Nxd4 Bb7 11. e4 Nbd7 12. Qe2 O-O 13. h3 Rfe8 14. Rac1 Rac8 15.
Kh2 Bf8 16. f4 Qb8 17. Rce1 g6 18. e5 Bxg2 19. Kxg2 Nh5 20. Ne4 dxe5 21. fxe5
Qxe5 22. Qf2 f6 23. Qd2 Qc7 24. g4 Nc5 25. gxh5 Nxe4 26. Rxe4 Qb7 27. Rfe1 f5
28. Nxf5 gxf5 29. Qg5+ Bg7 30. Bxg7 Qxg7 31. Qxg7+ Kxg7 32. Rxe6 Rxe6 33. Rxe6
b5 34. cxb5 axb5 35. Kf3 Rc2 36. Ra6 b4 37. h6+ Kg8 38. Kf4 Rh2 39. Kxf5 Rxh3
40. Ke5 Rd3 41. Ra7 Rd2 42. Ke6 Re2+ 43. Kd5 Rc2 44. Kd6 Rh2 45. Kc5 Rxh6 46.
Kxb4 Rf6 47. Re7 h5 48. a4 h4 49. a5 Rh6 50. Re1 Kf7 51. Kb5 Rh5+ 52. Kb6 Rh6+
53. Kc7 h3 54. b4 h2 55. Rh1 Ke6 56. a6 Rh4 57. b5 Kd5 58. a7 Rh7+ 59. Kb6 Rh6+
60. Kb7 Rh7+ 61. Ka6 Rh6+ 62. b6 1-0

[Event "PRO League Group Stage"]
[Site "chess.com INT"]
[Date "2018.02.07"]
[Round "5"]
[White "Mitkov, N1."]
[Black "Thavandiran, Shiyam"]
[Result "1/2-1/2"]
[WhiteElo "2461"]
[BlackElo "2399"]
[PlyCount "152"]
[EventDate "2018.01.18"]
[EventType "team"]
[EventRounds "9"]
[EventCountry "USA"]
[Source "Mark Crowther"]
[SourceDate "2018.02.12"]
[WhiteTeam "Minnesota Blizzard"]
[BlackTeam "Montreal Chessbrahs"]

1. e4 e6 2. d4 d5 3. Nc3 Bb4 4. Nge2 dxe4 5. a3 Bxc3+ 6. Nxc3 Nc6 7. Bf4 Nf6 8.
Bb5 O-O 9. Bxc6 bxc6 10. Bg5 h6 11. Bxf6 Qxf6 12. Nxe4 Qg6 13. Qf3 e5 14. dxe5
Rb8 15. b4 Ba6 16. Nc5 Bc4 17. Qe4 Qxe4+ 18. Nxe4 Rfe8 19. f4 f6 20. O-O-O fxe5
21. f5 Bd5 22. Rhe1 a5 23. c3 axb4 24. cxb4 Kf7 25. g4 g6 26. fxg6+ Kxg6 27.
Rd3 Rbd8 28. Rde3 Bxe4 29. Rxe4 Rd5 30. h4 Kf6 31. Rf1+ Ke6 32. Rf5 Ra8 33. Re3
Rg8 34. Re4 Ra8 35. Kb2 Rd2+ 36. Kc3 Rd5 37. Kb2 Rd2+ 38. Kc1 Rd5 39. Rh5 Rxa3
40. Rxh6+ Kd7 41. Rh7+ Kc8 42. Re7 Rc3+ 43. Kb2 Rh3 44. R7xe5 Rd2+ 45. Kc1 Rg2
46. h5 Rc3+ 47. Kd1 Rb3 48. Re2 Rxg4 49. R5e4 Rxb4 50. Rxb4 Rxb4 51. Rh2 Rd4+
52. Ke2 Rd7 53. h6 Rh7 54. Kf3 Kd7 55. Kf4 Ke6 56. Kg5 c5 57. Kg6 Rh8 58. Kg7
Rd8 59. Rh5 Kd6 60. h7 c4 61. h8=Q Rxh8 62. Kxh8 c3 63. Rh3 c5 64. Rxc3 Kd5 65.
Kg7 Kd4 66. Rc1 c4 67. Kf6 c3 68. Rd1+ Ke3 69. Ke5 c2 70. Rh1 Kd2 71. Rh2+ Kd1
72. Rh1+ Kd2 73. Rh2+ Kd1 74. Rh1+ Kd2 75. Kd4 c1=Q 76. Rxc1 Kxc1 1/2-1/2

[Event "PRO League Group Stage"]
[Site "chess.com INT"]
[Date "2018.02.07"]
[Round "5"]
[White "Thavandiran, Shiyam"]
[Black "Beerdsen, Thomas"]
[Result "0-1"]
[WhiteElo "2399"]
[BlackElo "2416"]
[PlyCount "82"]
[EventDate "2018.01.18"]
[EventType "team"]
[EventRounds "9"]
[EventCountry "USA"]
[Source "Mark Crowther"]
[SourceDate "2018.02.12"]
[WhiteTeam "Montreal Chessbrahs"]
[BlackTeam "Minnesota Blizzard"]

1. e4 c5 2. Nf3 a6 3. g3 b5 4. Bg2 Bb7 5. Qe2 g6 6. h4 h5 7. O-O Bg7 8. Ng5 Nc6
9. c3 c4 10. d4 cxd3 11. Qxd3 Nf6 12. Bf4 O-O 13. Nd2 d6 14. a4 b4 15. cxb4
Nxb4 16. Qb3 a5 17. Rfd1 Nd7 18. Be3 Rc8 19. Rac1 Ne5 20. Nb1 Ng4 21. Rxc8 Qxc8
22. Rc1 Qd8 23. Bd2 Qb6 24. Be1 Bd4 25. Nh3 Rc8 26. Rxc8+ Bxc8 27. Bf1 Qc6 28.
Ng5 e6 29. Nc3 Qc5 30. Nh3 Qe5 31. Nf4 Bb7 32. Bg2 d5 33. Nd1 dxe4 34. Bxb4
axb4 35. Qxb4 e3 36. Bxb7 exf2+ 37. Nxf2 Qe3 38. N4h3 Qxg3+ 39. Bg2 Bxf2+ 40.
Kf1 Ba7 41. Qe4 Ne3+ 0-1

[Event "PRO League Group Stage"]
[Site "chess.com INT"]
[Date "2018.02.07"]
[Round "5"]
[White "Thavandiran, Shiyam"]
[Black "Tang, Andrew"]
[Result "1-0"]
[WhiteElo "2399"]
[BlackElo "2513"]
[PlyCount "81"]
[EventDate "2018.01.18"]
[EventType "team"]
[EventRounds "9"]
[EventCountry "USA"]
[Source "Mark Crowther"]
[SourceDate "2018.02.12"]
[WhiteTeam "Montreal Chessbrahs"]
[BlackTeam "Minnesota Blizzard"]

1. e4 e5 2. Nf3 Nc6 3. Nc3 Nf6 4. Bb5 Bb4 5. O-O O-O 6. d3 d6 7. Bg5 Bxc3 8.
bxc3 Qe7 9. Re1 Nd8 10. d4 Ne6 11. Bc1 c5 12. Bf1 Rd8 13. g3 b6 14. a4 Rb8 15.
Nh4 cxd4 16. Nf5 Qc7 17. cxd4 d5 18. exd5 Nxd5 19. Rxe5 Nc3 20. Qg4 Bb7 21. Bf4
Qd7 22. Bc4 Kh8 23. Rxe6 fxe6 24. Bxe6 Ne2+ 25. Kf1 Nxf4 26. Bxd7 Rxd7 27. Qxf4
Rf8 28. Re1 Rdf7 29. g4 Bc8 30. Qg3 h6 31. Re5 Kh7 32. Qd3 g6 33. Ne7 Rxf2+ 34.
Ke1 R8f6 35. Nxc8 Rxh2 36. Re2 Rh1+ 37. Kd2 h5 38. Re7+ Kh8 39. Qe3 hxg4 40.
Qe5 Rhf1 41. Rf7 1-0

[Event "PRO League Group Stage"]
[Site "chess.com INT"]
[Date "2018.02.24"]
[Round "7"]
[White "Cooper, Lawrence"]
[Black "Thavandiran, Shiyam"]
[Result "0-1"]
[WhiteElo "2347"]
[BlackElo "2399"]
[PlyCount "100"]
[EventDate "2018.01.18"]
[EventType "team"]
[EventRounds "9"]
[EventCountry "USA"]
[Source "Mark Crowther"]
[SourceDate "2018.02.26"]
[WhiteTeam "London Lions"]
[BlackTeam "Montreal Chessbrahs"]

1. e4 c6 2. c4 d5 3. cxd5 cxd5 4. exd5 Nf6 5. Qa4+ Nbd7 6. Nc3 g6 7. Bc4 Bg7 8.
Nf3 O-O 9. d3 a6 10. Qa3 b6 11. O-O Bb7 12. Re1 b5 13. Bb3 Re8 14. Bg5 Rc8 15.
d4 Qb6 16. Qb4 Bf8 17. Bf4 e5 18. dxe6 Bxb4 19. exf7+ Kg7 20. fxe8=N+ Rxe8 21.
Rxe8 Nxe8 22. Ng5 Nf8 23. Re1 Nf6 24. Be5 h6 25. Nge4 Bxe4 26. Rxe4 Bxc3 27.
bxc3 N8d7 28. h4 Nxe5 29. Rxe5 Qc7 30. Rc5 Qf4 31. g3 Qc1+ 32. Kg2 h5 33. Be6
Ne4 34. Rc7+ Kf8 35. d5 Qd2 36. Rf7+ Ke8 37. Rf4 Nd6 38. a4 Qxc3 39. axb5 axb5
40. g4 b4 41. gxh5 gxh5 42. Rf3 Qg7+ 43. Rg3 Qb2 44. Rg5 b3 45. Rxh5 Qc2 46.
Rh8+ Ke7 47. Rb8 b2 48. h5 b1=Q 49. Rxb1 Qxb1 50. h6 Qg6+ 0-1

[Event "SPICE Cup op"]
[Site "Saint Louis USA"]
[Date "2017.10.21"]
[Round "1.27"]
[White "Mathur, Rithwik"]
[Black "Thavandiran, Shiyam"]
[Result "0-1"]
[WhiteElo "1986"]
[BlackElo "2385"]
[PlyCount "38"]
[EventDate "2017.10.21"]
[EventType "swiss"]
[EventRounds "9"]
[EventCountry "USA"]
[Source "Chess Mix"]
[SourceDate "2017.11.01"]

1. d4 Nf6 2. Bf4 g6 3. Nc3 d5 4. e3 Bg7 5. h4 O-O 6. h5 c5 7. hxg6 hxg6 8. Qd2
Nc6 9. dxc5 Qa5 10. Nf3 Qxc5 11. O-O-O Bg4 12. Be2 Ne4 13. Na4 Qb4 14. Qxb4
Nxb4 15. a3 Na2+ 16. Kb1 Bd7 17. Kxa2 Bxa4 18. Rhf1 Rac8 19. Nd4 e5 0-1

[Event "SPICE Cup op"]
[Site "Saint Louis USA"]
[Date "2017.10.22"]
[Round "2.12"]
[White "Thavandiran, Shiyam"]
[Black "Azarov, Sergei"]
[Result "1/2-1/2"]
[WhiteElo "2385"]
[BlackElo "2556"]
[PlyCount "134"]
[EventDate "2017.10.21"]
[EventType "swiss"]
[EventRounds "9"]
[EventCountry "USA"]
[Source "Chess Mix"]
[SourceDate "2017.11.01"]

1. e4 e5 2. Nf3 Nc6 3. Nc3 Nf6 4. Bb5 Bd6 5. d3 h6 6. O-O O-O 7. a3 Re8 8. h3
Bf8 9. Re1 a6 10. Ba4 d6 11. Ne2 Be6 12. c4 Bd7 13. Ng3 Ne7 14. d4 Bxa4 15.
Qxa4 exd4 16. Nxd4 g6 17. Be3 c5 18. Nde2 Nc6 19. Qc2 Bg7 20. Rad1 Qc7 21. Nc3
h5 22. Bg5 Nd4 23. Qd3 Qc6 24. Bxf6 Bxf6 25. Nd5 Bg7 26. Ne2 Ne6 27. b3 b5 28.
f4 bxc4 29. bxc4 Nd4 30. Rb1 Ra7 31. f5 Rb7 32. fxg6 Nxe2+ 33. Qxe2 fxg6 34.
Qd3 Kh7 35. Rxb7 Qxb7 36. Rb1 Qf7 37. Qf3 Qd7 38. e5 Bxe5 39. Rb7 Qxb7 40. Nf6+
Bxf6 41. Qxb7+ Re7 42. Qxa6 Be5 43. Kf2 Bd4+ 44. Kf1 Be5 45. Ke2 Bd4+ 46. Kd1
Re3 47. a4 Rd3+ 48. Ke2 Re3+ 49. Kd1 Rd3+ 50. Kc2 Rc3+ 51. Kd2 Kh6 52. Qb5 Ra3
53. Qc6 h4 54. Ke2 Kg5 55. Qxd6 Rxa4 56. Qe7+ Kh5 57. Qh7+ Kg5 58. Qe7+ Kh5 59.
Qh7+ Kg5 60. Kd3 Ra3+ 61. Ke4 Re3+ 62. Kd5 Re2 63. Qd7 Rxg2 64. Qe7+ Kh5 65.
Qh7+ Kg5 66. Qe7+ Kh5 67. Qh7+ Kg5 1/2-1/2

[Event "SPICE Cup op"]
[Site "Saint Louis USA"]
[Date "2017.10.22"]
[Round "3.8"]
[White "Thavandiran, Shiyam"]
[Black "Nyzhnyk, Illya"]
[Result "0-1"]
[WhiteElo "2385"]
[BlackElo "2594"]
[PlyCount "86"]
[EventDate "2017.10.21"]
[EventType "swiss"]
[EventRounds "9"]
[EventCountry "USA"]
[Source "Chess Mix"]
[SourceDate "2017.11.01"]

1. e4 c6 2. Nf3 d5 3. Nc3 Bg4 4. h3 Bxf3 5. Qxf3 e6 6. d4 Nf6 7. Bd3 dxe4 8.
Nxe4 Qxd4 9. O-O Nbd7 10. Be3 Qd5 11. Rfd1 Be7 12. c4 Qa5 13. a3 O-O 14. Bd2
Qb6 15. Bc3 Qc7 16. Rd2 Rfd8 17. Rad1 Nxe4 18. Qxe4 Nf8 19. g3 Bf6 20. Bxf6
gxf6 21. h4 Rd7 22. Qf3 Kg7 23. Qg4+ Kh8 24. Qf3 f5 25. Qe3 Rad8 26. Kg2 Kg7
27. h5 h6 28. Bb1 Rxd2 29. Rxd2 Rxd2 30. Qxd2 Qe5 31. f4 Qf6 32. Kh3 c5 33. Qg2
Qd4 34. g4 Qe3+ 35. Qg3 fxg4+ 36. Kxg4 f5+ 37. Kh4+ Qxg3+ 38. Kxg3 Kf6 39. Kf3
e5 40. Bc2 exf4 41. Kxf4 Ne6+ 42. Kg3 Kg5 43. b4 b6 0-1

[Event "SPICE Cup op"]
[Site "Saint Louis USA"]
[Date "2017.10.23"]
[Round "4.16"]
[White "Aripova, Nozima"]
[Black "Thavandiran, Shiyam"]
[Result "0-1"]
[WhiteElo "1758"]
[BlackElo "2385"]
[PlyCount "66"]
[EventDate "2017.10.21"]
[EventType "swiss"]
[EventRounds "9"]
[EventCountry "USA"]
[Source "Chess Mix"]
[SourceDate "2017.11.01"]

1. e4 e6 2. Nf3 d5 3. Nc3 Nf6 4. e5 Nfd7 5. d4 c5 6. dxc5 Nc6 7. Bf4 Bxc5 8.
Bd3 f6 9. exf6 Qxf6 10. Bg5 Qf7 11. O-O O-O 12. Bh4 Qh5 13. Bg3 a6 14. Qe2 Nf6
15. Ne5 Qxe2 16. Bxe2 Bd4 17. Nf3 Ba7 18. Rad1 Nh5 19. Bd6 Rd8 20. Bc7 Rd7 21.
Be5 Rf7 22. Bd6 Nf4 23. Ne5 Nxe5 24. Bxe5 Bd7 25. Bf3 Nh3+ 26. gxh3 Rxf3 27.
Kg2 Raf8 28. Bg3 g5 29. Rd2 h5 30. h4 gxh4 31. Bxh4 Bc6 32. Rg1 Kh7 33. Bg3 d4
0-1

[Event "SPICE Cup op"]
[Site "Saint Louis USA"]
[Date "2017.10.23"]
[Round "5.9"]
[White "Thavandiran, Shiyam"]
[Black "Li, Ruifeng"]
[Result "1/2-1/2"]
[WhiteElo "2385"]
[BlackElo "2564"]
[PlyCount "139"]
[EventDate "2017.10.21"]
[EventType "swiss"]
[EventRounds "9"]
[EventCountry "USA"]
[Source "Chess Mix"]
[SourceDate "2017.11.01"]

1. e4 e5 2. Nf3 Nc6 3. Nc3 Nf6 4. Bb5 Bd6 5. d3 h6 6. O-O O-O 7. a3 Re8 8. Bc4
Bf8 9. Nh4 d6 10. Ng6 Bg4 11. f3 Be6 12. Bxe6 fxe6 13. f4 exf4 14. Bxf4 Kh7 15.
Nxf8+ Rxf8 16. Ne2 Nh5 17. Qd2 Qh4 18. Qe3 e5 19. Bg3 Qg5 20. Qxg5 hxg5 21. Bf2
Nf4 22. Rae1 Rf6 23. g3 Nxe2+ 24. Rxe2 Raf8 25. Ree1 g4 26. Be3 Kg6 27. Rf2 b6
28. Kg2 Ne7 29. Ref1 Rh8 30. Rh1 Rxf2+ 31. Bxf2 Rh3 32. Be3 Ng8 33. Rf1 Nf6 34.
Rf5 Kf7 35. Rf1 Ke6 36. Rf5 Rh8 37. Rg5 Kf7 38. Rf5 g6 39. Rf1 Ke6 40. Bg5 Nd7
41. Rh1 Rh5 42. Be3 c6 43. h3 d5 44. exd5+ cxd5 45. hxg4 Rxh1 46. Kxh1 Nf6 47.
Kg2 Nxg4 48. Kf3 Kf5 49. c4 d4 50. Bd2 Nf6 51. Bh6 g5 52. Bf8 g4+ 53. Kf2 e4
54. Bg7 Nh5 55. Bxd4 exd3 56. Ke3 d2 57. Kxd2 Ke4 58. Bg1 Nxg3 59. c5 bxc5 60.
Bxc5 a6 61. b4 Kd5 62. Ke3 Ne4 63. Bf8 Nc3 64. Kf4 Kc4 65. Kxg4 Kb3 66. Kf3 Nb5
67. Ke2 Kc2 68. Ke3 Nxa3 69. Kd4 Kb3 70. Kc5 1/2-1/2

[Event "SPICE Cup op"]
[Site "Saint Louis USA"]
[Date "2017.10.24"]
[Round "6.11"]
[White "Patel, Advait"]
[Black "Thavandiran, Shiyam"]
[Result "1/2-1/2"]
[WhiteElo "2448"]
[BlackElo "2385"]
[PlyCount "77"]
[EventDate "2017.10.21"]
[EventType "swiss"]
[EventRounds "9"]
[EventCountry "USA"]
[Source "Chess Mix"]
[SourceDate "2017.11.01"]

1. e4 e6 2. d4 d5 3. Nc3 Nf6 4. e5 Nfd7 5. f4 c5 6. Nf3 Nc6 7. Be3 Be7 8. Qd2
O-O 9. Be2 a6 10. O-O b5 11. Nd1 b4 12. Nf2 a5 13. dxc5 Nxc5 14. Nd4 Nxd4 15.
Bxd4 Ba6 16. Bd3 Qc7 17. Qe3 Rac8 18. Rac1 Nxd3 19. cxd3 Qd7 20. b3 Rxc1 21.
Rxc1 Rc8 22. g4 Bh4 23. Rxc8+ Qxc8 24. Qd2 Be7 25. Kg2 h6 26. Kf3 Qc6 27. Kg3
Bb5 28. Nd1 Kh7 29. Kf2 Qa6 30. Kg2 Qc6 31. Kf2 Kg8 32. Ne3 Kf8 33. Ke2 Ke8 34.
Qc2 Qa6 35. Kd2 Kd7 36. Ke2 Ke8 37. Kd2 Kd7 38. Ke2 Ke8 39. Kd2 1/2-1/2

[Event "SPICE Cup op"]
[Site "Saint Louis USA"]
[Date "2017.10.25"]
[Round "7.8"]
[White "Thavandiran, Shiyam"]
[Black "Durarbayli, Vasif"]
[Result "1/2-1/2"]
[WhiteElo "2385"]
[BlackElo "2630"]
[PlyCount "101"]
[EventDate "2017.10.21"]
[EventType "swiss"]
[EventRounds "9"]
[EventCountry "USA"]
[Source "Chess Mix"]
[SourceDate "2017.11.01"]

1. e4 c5 2. Nf3 Nc6 3. d4 cxd4 4. Nxd4 Nf6 5. Nc3 e5 6. Ndb5 d6 7. Bg5 a6 8.
Na3 b5 9. Nd5 Be7 10. Bxf6 Bxf6 11. c4 b4 12. Nc2 O-O 13. Be2 a5 14. O-O Bg5
15. Qd3 Be6 16. Rfd1 g6 17. Nde3 Qb6 18. Nd5 Qb8 19. Qg3 Qd8 20. Bg4 Kh8 21.
Qh3 f5 22. exf5 gxf5 23. Be2 Rc8 24. a3 bxa3 25. Qxa3 f4 26. Nc3 Be7 27. Nd5
Bh4 28. Bf3 Bf5 29. Qc3 Qe8 30. Rd2 Qg6 31. Nxf4 Qh6 32. Ne2 Bg5 33. Ne3 Rf6
34. Rxd6 Bxe3 35. Rxf6 Bxf2+ 36. Kxf2 Qxf6 37. Bxc6 Be4+ 38. Kg1 Bxc6 39. Rxa5
Rd8 40. Ra1 Qg5 41. Qg3 Qxg3 42. hxg3 Rd2 43. Kf2 Rxb2 44. Ra5 Rc2 45. Rxe5
Rxc4 46. Re7 Kg8 47. Nf4 Be4 48. Ke3 Bg6 49. Kf3 Bf7 50. Kg4 Kg7 51. Ra7
1/2-1/2